000 00618nam a2200253Ia 4500
005 20250425162026.0
008 250425s9999 xx 000 0 und d
020 _a8449403227
041 _aspa
082 _a709
110 _aOCEANO- INSTITUTO GALLACH
245 0 _aHISTORIA DEL ARTE: ROMANTICISMO, REALISMO Y MODERNISMO
250 _a1A ED.
260 _aBARCELONA
260 _aEspaƱa
_bOCEANO-INSTITUTO GALLACH
_c1997
300 _a2311
650 _aARTE
650 _aARTE-HISTORIA
650 _aMODERNISMO
650 _aREALISMO
650 _aROMANTICISMO
942 _c01
010 _a41175
999 _c220853
_d220853